Statistics for Chicago Skyline Picture Quiz #1

Click here to take the quiz!

General Stats

  • This quiz has been taken 112 times
  • The average score is 4 of 16

Answer Stats

Answer% Correct
Willis Tower
100%
Soldier Field
55%
Marina City
30%
Chicago Board of Trade Building
21%
Harold Washington Library
21%
333 South Wabash (Big Red)
20%
Aqua
18%
Chase Tower
17%
Lake Point Tower
15%
Richard J. Daley Center
13%
Two Prudential Plaza
9%
NEMA Chicago
8%
Carbide & Carbon Building
7%
Chicago Temple Building
6%
Legacy at Millennium Park
5%
35 East Wacker (Jewelers' Building)
4%

Score Distribution

Percentile by Number Answered

Percent of People with Each Score

Your Score History

You have not taken this quiz